| 000 | 01532nam a2200481 i 4500 | ||
|---|---|---|---|
| 001 | 53322 | ||
| 003 | KOSZ 005 | ||
| 005 | 20220429144107.0 | ||
| 008 | 991224s2000 pl a |001 0 pol | ||
| 015 | _aUWD 2000/75 | ||
| 020 | _a832081233X | ||
| 035 | _a991012295219705066 | ||
| 035 | _a(PL-WaBN)b13328827-48omnis_nlop | ||
| 035 | _ab13328827 | ||
| 035 | _a(OCoLC)749801288 | ||
| 035 | _azz2005913296 | ||
| 035 | _a(PL)b0000001332882 | ||
| 035 | _a(EXLNZ-48OMNIS_NETWORK)9910082572305606 | ||
| 040 |
_aWA N _cWA N _dKOSZ 005/HR |
||
| 041 | 0 | _apol | |
| 080 | _a330.101.542 | ||
| 080 | _a(075.8) | ||
| 100 | 1 |
_aCzarny, Elżbieta _eAutor |
|
| 245 | 1 | 0 |
_aMikroekonomia / _cElżbieta Czarny, Ewelina Nojszewska. |
| 250 | _aWyd. 2 zm. | ||
| 260 |
_aWarszawa : _bPolskie Wydawnictwo Ekonomiczne, _c2000. |
||
| 300 |
_a383 s. : _bil. ; _c24 cm. |
||
| 336 |
_aTekst _btxt _2rdacontent |
||
| 337 |
_aBez urządzenia pośredniczącego _bn _2rdamedia |
||
| 338 |
_aWolumin _bnc _2rdacarrier |
||
| 380 | _aKsiążki | ||
| 388 | _a1901-2000 | ||
| 388 | _a1989-2000 | ||
| 504 | _aBibliogr. - Indeks. | ||
| 650 | 7 |
_aMikroekonomia _2DBN |
|
| 655 | 7 |
_aPodręczniki akademickie _2DBN |
|
| 658 | _aGospodarka, ekonomia, finanse | ||
| 700 | 1 |
_aNojszewska, Ewelina _eAutor |
|
| 710 | 2 |
_aPolskie Wydawnictwo Ekonomiczne _4pbl |
|
| 856 |
_uhttp://koha.tu.koszalin.pl/cgi-bin/koha/opac-detail.pl?biblionumber=53322 _yKatalog online BPK |
||
| 942 |
_2UKD _cKS |
||
| 999 |
_c53322 _d53322 |
||